000 00778nas a2200265 4500
001 BR2014003377
003 BR-BrBNA
005 20231205124056.0
007 ta
008 230509b bl.|||p| |||| 00| 00por d
040 _aBR-BrBNA
_bpor
_cBiblioteca Nacional de Agricultura
041 _a(Pt)
072 _aL53; L20
100 1 _aFerreira Júnior, P.D.
245 1 _aEfeitos de fatores ambientais na reprodução de tartarugas
650 _aTARTARUGA
650 _aREPRODUÇÃO ANIMAL
650 _aMEIO AMBIENTE
650 _aÁGUA DOCE
650 _aEMBRIOGÊNESE
650 _aECLOSÃO
773 0 _tActa Amazônica (Brazil)
_xISSN 0044-5967
_g(Jun 2009), v. 39(2) p. 319-334
_wBR2014003377
909 _a202311
_bLúcia
_c55
_dLúcia Elande
942 _2AGRIS
_n0
_cANA
999 _c237176
_d237176